| 000 | 00484cam a22001337a 4500 | ||
|---|---|---|---|
| 008 | 180718b1968 xxu||||| |||| 00| 0 eng d | ||
| 082 | _aQ812x5413 B489 | ||
| 100 | _aBihar. Commission of Inquiry on Communal disturbances, Ranchi-Hatia | ||
| 245 | _aReport of the Commission of Inquiry on communal disturbances, Ranch-Hatia (August 222-29, 1967) | ||
| 260 |
_aRanchi _bThe author _c1968 |
||
| 300 | _a203+p. | ||
| 500 | _aChairman: Raghabar Dayal | ||
| 700 | _aDayal, Raghubar (Chairman) | ||
| 999 |
_c489618 _d489618 |
||